Rom
| Titel: | Rom : quo vadis et arcadia / Elżbieta Dzikowska und Joanna Jabłkowska |
|---|---|
| Verfasser: | ; |
| In: |
Deutsch-polnische Erinnerungsorte ; 2. Geteilt, gemeinsam, (2014), Seite 381-404 alle Artikel anzeigen |
| Veröffentlicht: | 2014 |
| Format: | Aufsatz |
| Sprache: | Deutsch |
X
alg: 41615684
001A $04504:31-08-17
001B $03025:10-10-17 $t15:16:24.000
001C $04504:31-08-17 $t15:04:44.000
001D $04504:31-08-17
001U $0utf8
001X $00
002@ $0Aou
002C $aText $btxt $2rdacontent
002D $aohne Hilfsmittel zu benutzen $bn $2rdamedia
002E $aBand $bnc $2rdacarrier
003@ $0416156843
007A $0416156843 $aHEB
010@ $ager
010E $erda
011@ $a2014
021A $aRom $dquo vadis et arcadia $hElżbieta Dzikowska und Joanna Jabłkowska
028A $BVerfasser $#Dzikowska, Elżbieta $#Dzikowska, Katarzyna $4aut $71103158708 $8Dzikowska, Elżbieta Katarzyna$Z1950- [Tp2] $938145990X
028C $BVerfasser $4aut $7172528348 $8Jabłkowska, Joanna$Z1953- [Tp3] $929671741X
031A $h381-404 $j2014
039B $aEnthalten in $8--Afu--. Deutsch-polnische Erinnerungsorte ; 2. Geteilt, gemeinsam. - Paderborn {[u.a.] : Schöningh, 2014. - 732 S.. - Ill.. - ISBN 978-3-506-77339-5 $x201400000000000619 $9299792242
044K $RBuch $RSchriftsteller $#Literature $#Littérature $#Letteratura $#Literatura $#literature $#Literature $#Literatur $#Literatur $#Belletristik $#Dichtung Literatur $#Schöne Literatur $#Sprachkunst $#Wortkunst $74035964-5 $8Literatur [Tsz] $9085097128
044K $RKünste $RKunstwerk $#Art $#Art $#Arte $#Arte $#arts $#Art $#Bildende Kunst $#Kunst $#Bildende Kunst $#Kunstdenkmal Kunst $74114333-4 $8Kunst [Tsz] $9085341703
044K $#Roma $#Città di Roma $#Comune di Roma $#Rim $#Rym $#Luoma $#Senatus Populusque Romanus $#SPQR $#Roma Capitale $#Rzym $#Rome $#Roma $#Řím $#Città di Roma $#Comune di Roma $74050471-2 $8Rom [Tgz] $908514066X
044K $RReligion $RKirche $RChrist $RChristin $#Christianity $#Christianisme $#Christenheit $#Christianitas $#Christianity $#Christliche Religion $#Christliche Weltanschauung $74010074-1 $8Christentum [Ts1] $9085019623
044K $RReise $RPilgerschaft $RPilger $#Pilgrims and pilgrimages $#Pèlerinages $#Pellegrinaggi $#Wallfahrt $#Pilgerfahrt $#Pilgerreise $#Wallfahrtsort $#Wallfahrten $74064460-1 $8Wallfahrt [Ts1] $9085180874
044K $RPolitische Identität $RGeschichtsbild $RGeschichtsdenken $#Conscience historique $#Geschichtsbewusstsein $#Historisches Bewusstsein $#Geschichtsverständnis Geschichtsbewusstsein $#Geschichtskultur $74020526-5 $8Geschichtsbewusstsein [Ts1] $9085049387
045R $aGeschichte
045R/01 $aGeschichte 990-2009
045V $804.02.00$jStudien [Tkx] $9118843354
lok: 41615684 62
exp: 41615684 62 1 #EPN
201B/01 $031-08-17 $t22:09:00.000
203@/01 $01006580549
208@/01 $a31-08-17 $be
209A/01 $a/ $f000 $x00
209B/01 $a2017 $x05
247C/01 $8Frankfurt, Bibliographie der Deutschen Sprach- und Literaturwissenschaft $9113214561
201U/01 $0utf8
lok: 41615684 78
exp: 41615684 78 1 #EPN
201B/01 $010-10-17 $t15:16:59.000
201C/01 $010-10-17
201U/01 $0utf8
203@/01 $01008303534
208@/01 $a10-10-17 $be
209A/01 $a/ $f000 $x00
209A/01 $ab*p $x01
220C/01 $apgar
244Z/01 $#Generalgouvernement Polen $#Polska $#Rzeczpospolita Polska $#Polska Rzeczpospolita Ludowa $#Poland $#Pologne $#République Polonaise $#Generalne Gubernatorstwo w Polsce $#Polish People's Republic $#Polska Rzeczpospolita Polen $#PRL $#RP $#Polen Generalgouvernement $#Polska Generalgouvernement $#Besetzte Polnische Gebiete $#Besetztes Gebiet in Polen $#Okupowane Polskie Obszary $#Obszary Okupowane w Polsce $#Volksrepublik Polen $#Polska Rosyjska $#Republic Polen $#Respublika Pol'ša $#Pol'skaja Narodnaja Respublika $#République de Pologne $#Polen Links der Weichsel $#Polska po Lewej Stronie Wisły $#Lenkija $#Polija $#Gubernija Carstva Pol'skago $#Republik Polen $74046496-9 $8--Tg1--Polen $x01 $9085129801
247C/01 $82080>Marburg/Lahn, Herder-Institut, Forschungsbibliothek, Bibliographieportal $9336309341
| LEADER | 00000caa a2200000 c 4500 | ||
|---|---|---|---|
| 001 | 416156843 | ||
| 003 | DE-603 | ||
| 005 | 20171010151624.0 | ||
| 007 | tu | ||
| 008 | 170831s2014 xx |||| | u00||u|ger c | ||
| 035 | |a (DE-599)HEB416156843 | ||
| 040 | |a DE-603 |b ger |c DE-603 |d DE-603 |e rda | ||
| 041 | |a ger | ||
| 100 | 1 | |a Dzikowska, Elżbieta Katarzyna |d 1950- |e Verfasser |4 aut |0 (DE-603)38145990X |0 (DE-588)1103158708 |2 gnd | |
| 245 | 0 | 0 | |a Rom |b quo vadis et arcadia |c Elżbieta Dzikowska und Joanna Jabłkowska |
| 264 | 0 | |c 2014 | |
| 336 | |a Text |b txt |2 rdacontent | ||
| 337 | |a ohne Hilfsmittel zu benutzen |b n |2 rdamedia | ||
| 338 | |a Band |b nc |2 rdacarrier | ||
| 648 | 7 | |a Geschichte |2 gnd | |
| 648 | 7 | |a Geschichte 990-2009 |2 gnd | |
| 650 | 7 | |a Literatur |0 (DE-588)4035964-5 |0 (DE-603)085097128 |2 gnd | |
| 650 | 7 | |a Kunst |0 (DE-588)4114333-4 |0 (DE-603)085341703 |2 gnd | |
| 650 | 7 | |a Christentum |0 (DE-588)4010074-1 |0 (DE-603)085019623 |2 gnd | |
| 650 | 7 | |a Wallfahrt |0 (DE-588)4064460-1 |0 (DE-603)085180874 |2 gnd | |
| 650 | 7 | |a Geschichtsbewusstsein |0 (DE-588)4020526-5 |0 (DE-603)085049387 |2 gnd | |
| 651 | 7 | |a Rom |0 (DE-588)4050471-2 |0 (DE-603)08514066X |2 gnd | |
| 700 | 1 | |a Jabłkowska, Joanna |d 1953- |e Verfasser |4 aut |0 (DE-603)29671741X |0 (DE-588)172528348 |2 gnd | |
| 773 | 0 | 8 | |i Enthalten in |t Deutsch-polnische Erinnerungsorte ; 2. Geteilt, gemeinsam |d Paderborn [u.a.] : Schöningh, 2014 |h 732 S., Ill. |z 9783506773395 |g (2014), Seite 381-404 |w (DE-603)299792242 |
| 924 | 0 | |9 603 |a (DE-603)1006580549 |b DE-603 |c HES |d d | |
| 924 | 0 | |9 2080 |a (DE-603)1008303534 |b DE-2080 |c HES |d d |g / | |


